000 01332nam a2200337 a 4500
001 ebr10170025
003 CaPaEBR
006 m u
007 cr cn|||||||||
008 030128s2002 ctua sb 001 0 eng d
015 _aGBA2-V3754
020 _z0300096860
040 _aCaPaEBR
_cCaPaEBR
035 _a(OCoLC)191939746
050 1 4 _aJZ1318
_b.S583 2002eb
082 0 4 _a303.48/2
_221
100 1 _aSinger, Peter,
_d1946-
245 1 0 _aOne world
_h[electronic resource] :
_bthe ethics of globalization /
_cPeter Singer.
260 _aNew Haven :
_bYale University Press,
_c2002.
300 _axiii, 235 p. :
_bill.
490 1 _aThe Terry lectures
504 _aIncludes bibliographical references (p. 203-225) and index.
533 _aElectronic reproduction.
_bPalo Alto, Calif. :
_cebrary,
_d2013.
_nAvailable via World Wide Web.
_nAccess may be limited to ebrary affiliated libraries.
650 0 _aGlobalization
_xMoral and ethical aspects.
650 0 _aClimatic changes
_xMoral and ethical aspects.
650 0 _aForeign trade regulation
_xMoral and ethical aspects.
655 7 _aElectronic books.
_2local
710 2 _aebrary, Inc.
830 0 _aTerry lectures.
856 4 0 _uhttp://site.ebrary.com/lib/rucke/Doc?id=10170025
_zAn electronic book accessible through the World Wide Web; click to view
999 _c246664
_d246664